| 000 -LEADER |
| fixed length control field |
01646cam a2200469 a 4500 |
| 001 - CONTROL NUMBER |
| control field |
8629493 |
| 003 - CONTROL NUMBER IDENTIFIER |
| control field |
OSt |
| 005 - DATE AND TIME OF LATEST TRANSACTION |
| control field |
20180523083640.0 |
| 006 - FIXED-LENGTH DATA ELEMENTS--ADDITIONAL MATERIAL CHARACTERISTICS |
| fixed length control field |
m d |
| 007 - PHYSICAL DESCRIPTION FIXED FIELD--GENERAL INFORMATION |
| fixed length control field |
cr n |
| 008 - FIXED-LENGTH DATA ELEMENTS--GENERAL INFORMATION |
| fixed length control field |
100609s2011 ne a sb 001 0 eng d |
| 015 ## - NATIONAL BIBLIOGRAPHY NUMBER |
| National bibliography number |
GBB094817 |
| Source |
bnb |
| 016 7# - NATIONAL BIBLIOGRAPHIC AGENCY CONTROL NUMBER |
| Record control number |
015623118 |
| Source |
Uk |
| 020 ## - INTERNATIONAL STANDARD BOOK NUMBER |
| International Standard Book Number |
9780123808820 (pbk.) |
| 020 ## - INTERNATIONAL STANDARD BOOK NUMBER |
| International Standard Book Number |
0123808820 (pbk.) |
| 035 ## - SYSTEM CONTROL NUMBER |
| System control number |
(WaSeSS)ssj0000437491 |
| 038 ## - RECORD CONTENT LICENSOR |
| Staff Name |
0 |
| 040 ## - CATALOGING SOURCE |
| Original cataloging agency |
UKM |
| Transcribing agency |
UKM |
| Modifying agency |
UAT |
| -- |
CDX |
| -- |
IOG |
| -- |
WaSeSS |
| 042 ## - AUTHENTICATION CODE |
| Authentication code |
pcc |
| 050 #4 - LIBRARY OF CONGRESS CALL NUMBER |
| Classification number |
BF724.55.A35 |
| Item number |
H36 2011 |
| 050 #4 - LIBRARY OF CONGRESS CALL NUMBER |
| Classification number |
BF724.55.A35 |
| 060 00 - NATIONAL LIBRARY OF MEDICINE CALL NUMBER |
| Classification number |
WT 150 |
| Item number |
H2364 2011 |
| 082 04 - DEWEY DECIMAL CLASSIFICATION NUMBER |
| Classification number |
155.67 |
| Edition number |
22 |
| 210 10 - ABBREVIATED TITLE |
| Abbreviated title |
Handbook of the psychology of aging |
| 245 00 - TITLE STATEMENT |
| Title |
Handbook of the psychology of aging |
| 246 3# - VARYING FORM OF TITLE |
| Title proper/short title |
Psychology of aging |
| 250 ## - EDITION STATEMENT |
| Edition statement |
7th ed. / |
| Remainder of edition statement |
editors, K. Warner Schaie and Sherry L. Willis ; associate editors, Bob G. Knight, Becca Levy, and Denise C. Park. |
| 260 ## - PUBLICATION, DISTRIBUTION, ETC. |
| Place of publication, distribution, etc. |
Amsterdam ; |
| -- |
Boston : |
| Name of publisher, distributor, etc. |
Elsevier/Academic Press, |
| Date of publication, distribution, etc. |
2011. |
| 490 1# - SERIES STATEMENT |
| Series statement |
The handbooks of aging |
| 500 ## - GENERAL NOTE |
| General note |
Previous ed.: 2006. |
| 504 ## - BIBLIOGRAPHY, ETC. NOTE |
| Bibliography, etc. note |
Includes bibliographical references and indexes. |
| 506 ## - RESTRICTIONS ON ACCESS NOTE |
| Terms governing access |
License restrictions may limit access. |
| 650 12 - SUBJECT ADDED ENTRY--TOPICAL TERM |
| Topical term or geographic name entry element |
Aged |
| General subdivision |
psychology |
| 9 (RLIN) |
10493 |
| 650 22 - SUBJECT ADDED ENTRY--TOPICAL TERM |
| Topical term or geographic name entry element |
Aging. |
| 9 (RLIN) |
10494 |
| 700 1# - ADDED ENTRY--PERSONAL NAME |
| Personal name |
Schaie, K. Warner |
| Fuller form of name |
(Klaus Warner), |
| Dates associated with a name |
1928- |
| 9 (RLIN) |
10495 |
| 700 1# - ADDED ENTRY--PERSONAL NAME |
| Personal name |
Willis, Sherry L., |
| Dates associated with a name |
1947- |
| 9 (RLIN) |
10496 |
| 773 #0 - HOST ITEM ENTRY |
| Title |
eBook - Psychology 2010 [EBCP10] |
| 830 #0 - SERIES ADDED ENTRY--UNIFORM TITLE |
| Uniform title |
Handbooks of aging. |
| 9 (RLIN) |
10497 |
| 856 40 - ELECTRONIC LOCATION AND ACCESS |
| Uniform Resource Identifier |
<a href="http://www.columbia.edu/cgi-bin/cul/resolve?clio8629493">http://www.columbia.edu/cgi-bin/cul/resolve?clio8629493</a> |
| Public note |
Full text available from eBook - Psychology 2010 [EBCP10] |
| 910 ## - USER-OPTION DATA (OCLC) |
| User-option data |
National Library of Medicine record |
| 942 ## - ADDED ENTRY ELEMENTS (KOHA) |
| Source of classification or shelving scheme |
|
| Koha item type |
Book |